| 000 | 00458nam a22001817a 4500 | ||
|---|---|---|---|
| 003 | MPLRDC | ||
| 005 | 20220104173610.0 | ||
| 008 | 210129b ||||| |||| 00| 0 eng d | ||
| 020 | _a967-978-037-6 | ||
| 082 | _a574.386 RAH-4 c.2 | ||
| 100 | _aTUNKU ABDUL RAHMAN PUTRA | ||
| 245 |
_aMALAYSIA, THE ROAD TO INDEPENDENCE _c |
||
| 250 | _a初版 | ||
| 260 |
_a _bPELANDUK PUBLICATIONS _c1984 |
||
| 300 | _b平 | ||
| 650 | _a | ||
| 942 |
_cBK _o574.386 RAH-4 c.2 |
||
| 999 |
_c59491 _d59481 |
||